All about investing : the easy way to get started

Bibliographic Details
Main Author: Faerber, Esme
Format: Book
Language:English
Published: New York : McGrawHill , 2006
Series:"All About--" series
Subjects:

MARC

LEADER 00000cam a2200000 7i4500
001 0000019946
005 20091217.0
008 091207s nyua eng
020 |a 9780071457521 ,   |c RM82.43 
040 |a INS 
090 0 0 |a HG4521   |b F27 2006 
100 1 |a Faerber, Esme 
245 1 0 |a All about investing :   |b the easy way to get started   |c Esme Faerber 
260 |a New York :   |b McGrawHill ,   |c 2006 
300 |a x, 307p. :   |b ill. ;   |c 23cm. 
490 1 |a "All About--" series 
500 |a Includes index 
650 0 |a Finance, Personal 
650 0 |a Investments 
999 |a 0000021263   |b BOOK   |c Open Shelf   |e Default branch